000 00441 a2200145 4500
005 20250507122315.0
020 _a0-8166-1889-5
082 _a658.3 LOF
100 _aLOFQUIST, L. H.
245 _aEssentials of Person-Environment- Correspondence Counseling.
260 _aMinneapolis,
_bUniversity Minnesota,
_c1991.
300 _aX,171p.: ill.; table
_bBibliographical Reference & Index
_c23cm.
700 _a DAWIS, R. V.
942 _2ddc
_cBKS
999 _c2104
_d2104